LEADER 01273nam a2200277 a 4500 001 000000164755 003 CaOOAMICUS 005 20171201112929.0 008 171201s1947 it a m u001 u eng r 032 $aLibriCat 040 $aPUL$bita 100 1 $aThaninayagam, Xavier Stanislaus.$0(OLS)http://pul/name/105997 245 14$aThe Carthaginian clergy during the episcopate of saint Cyprian /$cby the rev. father Xavier Stanislaus Thaninayagam. 260 $a[S.l. :$bs.n.],$c1947. 300 $axviii, 112 p. :$bill. ;$c22 cm. 502 $aTesi. Pontificium Athenaeum Urbanianum. 1947. 504 $aBibliografia in nota a pič pagina. 600 04$aCyprianus,$cs., vesc. di Cartagine,$dc. 200-258.$0(OLS)http://pul/subject/1655 710 2 $aPontificium Athenaeum Urbanianum.$kTesi.$0(OLS)http://pul/name/105989 850 $aPUL 852 $aPUL$W1$xDP1 Tesi Pon. Univ. Urbaniana$y49$mTH URB 27$j188928$qTesi$B192069$CPULBib$Z2$F192069 $H13210 $82 941 1 $a16 960 $aCipriano,$cs., vesc. di Cartagine,$dc. 200-258$91655 996 $6245$aThe Carthaginian clergy during the episcopate of saint Cyprian$9(OLS)http://pul/title/204440 996 $6260$a[S.l. :$bs.n.]$9(OLS)http://pul/publisher/81594 LEADER 03295nam a2200577 a 4500 001 000000149633 003 CaOOAMICUS 005 20191218161820.0 008 160223m20099999it u000 u ita r 020 $a978-88-372-2334-2 (v. 2)* 020 $a978-88-372-2455-4 (v. 3)* 020 $a978-88-372-2633-6 (v. 5)* 020 $a978-88-372-3163-7 (v.4)* 032 $aLibriCat 040 $aPUL$bita 082 04$a234 100 1 $aMancini, Italo,$d1925-1993.$0(OLS)http://pul/name/5319 245 10$aOpere scelte /$cItalo Mancini. 260 $aBrescia :$bMorcelliana,$c©2009- 300 $av. ;$c22 cm. 490 1 $aBiblioteca Morcelliana ;$v17, 19, 23 505 0 $aV. 2. Novecento teologico / a cura di Andrea Aguti ; introduzione di Giampiero Bof. -- v. 3. Teologia, ideologia, utopia / a cura di Graziano Ripanti. -- v.4 Filosofia della prassi: linee di filosofia del diritto / -- v. 5. L'ethos dell'occidente. Neoclassicismo etico, profezia cristiana, pensiero critico moderno / a cura di Marco Cangiotti. 650 4$aReligione e filosofia.$0(OLS)http://pul/subject/22992 650 4$aFede e cultura$ySec. XIX-XX.$0(OLS)http://pul/subject/38126 650 4$aEtica cristiana.$0(OLS)http://pul/subject/1395 650 4$aEtica filosofica.$0(OLS)http://pul/subject/39433 700 1 $aAguti, Andrea,$d1967-$0(OLS)http://pul/name/35670 700 1 $aCangiotti, Marco,$d1956-$0(OLS)http://pul/name/44677 700 1 $aRipanti, Graziano.$0(OLS)http://pul/name/9404 700 1 $aBof, Giampiero,$d1934-$0(OLS)http://pul/name/23251 740 02$aNovecento teologico. 740 02$aTeologia, ideologia, utopia. 740 22$aL'ethos dell'occidente. Neoclassicismo etico, profezia cristiana, pensiero critico moderno. 830 0$aBiblioteca Morcelliana ;$v17, 19, 23.$0(OLS)http://pul/title/104897 850 $aPUL 852 $aPUL$W1$xSL Religione 3$y85$m234 MANIT 2.2$j172280$bv. 2$qDDC 21$B173930$CPULBib$Z2$F173930 $H127095 $81 852 $aPUL$W1$xSL Religione 3$y85$m234 MANIT 2.3$j172282$bv. 3$qDDC 21$B173932$CPULBib$Z2$F173932 $H127096 $81 852 $aPUL$W1$xSL Religione 3$y85$m234 MANIT 2.5$j172283$bv. 5$qDDC 21$B173933$CPULBib$Z2$F173933 $H127097 $81 852 $aPUL$W1$xSL Religione 3$y85$m234 MANIT 2.4$j196910$bv.4$qDDC 21$B201668$CPULBib$Z2$F201668 $H133691 $82 941 1 $a9 996 $6020$a978-88-372-2334-2 (v. 2)*$9(OLS)http://pul/number/159819 996 $6020$a978-88-372-2455-4 (v. 3)*$9(OLS)http://pul/number/159820 996 $6020$a978-88-372-2633-6 (v. 5)*$9(OLS)http://pul/number/159821 996 $6020$a978-88-372-3163-7 (v.4)*$9(OLS)http://pul/number/166936 996 $6082$a234$9(OLS)http://pul/classification/573 996 $6245$aOpere scelte$9(OLS)http://pul/title/85 996 $6740$aNovecento teologico$9(OLS)http://pul/title/188654 996 $6740$aTeologia, ideologia, utopia$9(OLS)http://pul/title/188655 996 $6740$aL'ethos dell'occidente. Neoclassicismo etico, profezia cristiana, pensiero critico moderno$9(OLS)http://pul/title/188656 996 $6260$aBrescia :$bMorcelliana$9(OLS)http://pul/publisher/47854